Josef Hoffmann 1870-1956 : ve vesmíru krásy

Enregistré dans:
Détails bibliographiques
Auteur principal: Sarnitz, August (Auteur)
Format: Livre
Langue:tchèque
Publié: Praha : Taschen-Slovart, 2008
Sujets:
Tags: Ajouter un tag
Pas de tags, Soyez le premier à ajouter un tag!

MARC

LEADER 00000nam a22000003a 4500
001 stu242842
005 20150617230146.1
008 120203s2008------------------------cze-d
020 |a 978-80-7391-085-3 
040 |a STU  |b slo 
041 0 |a cze 
100 1 |a Sarnitz, August  |4 aut 
245 1 |a Josef Hoffmann 1870-1956 :  |b ve vesmíru krásy 
260 |a Praha :  |b Taschen-Slovart,  |c 2008 
300 |a 96 s 
650 7 |a architekti európski  |2 stusub 
650 7 |a Hoffmann, Josef - o ňom  |2 stusub 
996 |b 284AU05097  |c A*7827 U  |l AAKNAR  |s A  |a 24  |w stu242842_0001